[Event "Brighton op"]
[Site "Brighton"]
[Date "2012.11.10"]
[Round "3"]
[White "Maroroa, Sue Yuchan"]
[Black "Kirk, Jason"]
[Result "0-1"]
[WhiteElo "2055"]
[BlackElo "1954"]
[PlyCount "134"]
[EventDate "2012.11.09"]
[EventType "swiss"]
[EventRounds "5"]
[EventCountry "ENG"]
[SourceTitle "CBM 151 Extra"]
[Source "ChessBase"]
[SourceDate "2012.12.18"]
[SourceVersion "1"]
[SourceVersionDate "2012.12.18"]
[SourceQuality "1"]

1. e4 c5 2. Nf3 Nc6 3. d4 cxd4 4. Nxd4 e6 5. Nc3 a6 6. Be3 Nf6 7. f3 Be7 8. Qd2 b5 9. Nxc6 dxc6 10. Qf2 0-0 11. Bd3 e5 12. 0-0-0 Qc7 13. g4 Be6 14. Kb1 b4 15. Bb6 Qb7 16. Na4 Nd7 17. Be3 Qc7 18. Nc5 Bxa2+ 19. Kxa2 Qa5+ 20. Kb1 Nxc5 21. Bc4 Rfd8 22. Qg3 Na4 23. Bb3 c5 24. Bxa4 Qxa4 25. Qxe5 Bf6 26. Rxd8+ Rxd8 27. Qxc5 b3 28. cxb3 Qxb3 29. e5 Rb8 30. Bd4 Qxf3 31. Rc1 Bd8 32. Qd6 Qb3 33. Qxa6 h6 34. Qc4 Qb7 35. Bc3 Bg5 36. Rd1 Rc8 37. Qd5 Qb6 38. Qd4 Qg6+ 39. Ka2 Qa6+ 40. Kb3 Rd8 41. Qxd8+ Bxd8 42. Rxd8+ Kh7 43. Rd4 Qb5+ 44. Rb4 Qe2 45. h4 Qd1+ 46. Ka3 Qa1+ 47. Kb3 Qd1+ 48. Ka2 Qd8 49. h5 Qa5+ 50. Kb1 Qc5 51. Kc2 Qc6 52. Kb3 Qe6+ 53. Ka3 g6 54. hxg6+ Kxg6 55. Rf4 Qa6+ 56. Kb4 Qb6+ 57. Kc4 Qc6+ 58. Kd4 Qd7+ 59. Ke3 Kg5 60. Re4 Qa7+ 61. Kf3 Qc5 62. Rf4 Qd5+ 63. Kg3 Qd3+ 64. Rf3 Qd1 65. Rxf7 Qg1+ 66. Kh3 Qxg4+ 67. Kh2 Qh5+ 0-1

[Event "Brighton op"]
[Site "Brighton"]
[Date "2012.11.09"]
[Round "1"]
[White "Anderson, John"]
[Black "Kirk, Jason"]
[Result "1-0"]
[WhiteElo "2179"]
[BlackElo "1954"]
[PlyCount "91"]
[EventDate "2012.11.09"]
[EventType "swiss"]
[EventRounds "5"]
[EventCountry "ENG"]
[SourceTitle "CBM 151 Extra"]
[Source "ChessBase"]
[SourceDate "2012.12.18"]
[SourceVersion "1"]
[SourceVersionDate "2012.12.18"]
[SourceQuality "1"]

1. e4 c5 2. Nf3 Nc6 3. d4 cxd4 4. Nxd4 e6 5. Nc3 a6 6. Be2 Nf6 7. 0-0 Be7 8. Be3 b5 9. Nxc6 dxc6 10. Qxd8+ Bxd8 11. e5 Nd5 12. Nxd5 exd5 13. a4 b4 14. f4 a5 15. c4 Ba6 16. Rac1 Be7 17. Kf2 dxc4 18. Bxc4 Bxc4 19. Rxc4 Kd7 20. Rd1+ Kc7 21. Rdc1 Ra6 22. Kf3 Rd8 23. Ke4 Kb7 24. g4 Rc8 25. b3 Raa8 26. f5 Rc7 27. Rd1 Re8 28. Bf4 Rd8 29. Rxd8 Bxd8 30. e6 fxe6 31. Bxc7 exf5+ 32. Kxf5 Kxc7 33. Ke6 Bf6 34. h3 h6 35. Rc5 Kb6 36. Rh5 Bd4 37. h4 Be3 38. g5 hxg5 39. hxg5 g6 40. Rh6 Bxg5 41. Rxg6 Bf4 42. Kd7 Kb7 43. Rxc6 Be3 44. Re6 Bf2 45. Kd6 Bg1 46. Kd5 1-0

[Event "Hastings Masters op 85th"]
[Site "Hastings"]
[Date "2010.01.03"]
[Round "7"]
[White "Kirk, Jason"]
[Black "Obiamiwe, Paul"]
[Result "1-0"]
[WhiteElo "1994"]
[BlackElo "2046"]
[PlyCount "121"]
[EventDate "2009.12.28"]
[EventType "swiss"]
[EventRounds "9"]
[EventCountry "ENG"]
[SourceTitle "CBM 134 Extra"]
[Source "ChessBase"]
[SourceDate "2010.03.03"]
[SourceVersion "1"]
[SourceVersionDate "2010.03.03"]
[SourceQuality "1"]

1. d4 Nf6 2. c4 g6 3. Nc3 Bg7 4. e4 0-0 5. e5 Ne8 6. f4 d6 7. Be3 f6 8. Nf3 fxe5 9. dxe5 Nc6 10. Be2 Bg4 11. Ng5 Bxe2 12. Nxe2 dxe5 13. Qxd8 Nxd8 14. 0-0-0 h6 15. Ne4 Nd6 16. Nxd6 exd6 17. fxe5 dxe5 18. Rd7 Rf7 19. Rhd1 Ne6 20. Nc3 Nd4 21. Rxf7 Kxf7 22. Bxd4 exd4 23. Nb5 Bf6 24. Rf1 Rc8 25. Nxd4 Re8 26. Nb5 Re7 27. Nc3 c6 28. Kc2 Kg7 29. Rd1 Be5 30. g3 g5 31. Re1 Kg6 32. g4 Kf7 33. h3 Re6 34. b3 Bxc3 35. Rxe6 Kxe6 36. Kxc3 Ke5 37. b4 Ke4 38. a4 Ke3 39. c5 a6 40. Kc4 Ke4 41. Kc3 Ke3 42. a5 Kf3 43. Kd4 Kg3 44. Ke5 Kxh3 45. Kd6 Kxg4 46. Kc7 Kf3 47. Kxb7 g4 48. b5 axb5 49. a6 g3 50. a7 g2 51. a8Q g1Q 52. Kxc6 Qb1 53. Kb6+ Kf4 54. Qf8+ Ke5 55. Qd6+ Kf5 56. c6 b4 57. c7 Qg1+ 58. Qc5+ Qxc5+ 59. Kxc5 b3 60. c8Q+ Kg5 61. Qg8+ 1-0

[Event "Hastings Masters op 85th"]
[Site "Hastings"]
[Date "2010.01.01"]
[Round "5"]
[White "Kirk, Jason"]
[Black "Mitchell, Martin"]
[Result "0-1"]
[WhiteElo "1994"]
[BlackElo "2195"]
[PlyCount "124"]
[EventDate "2009.12.28"]
[EventType "swiss"]
[EventRounds "9"]
[EventCountry "ENG"]
[SourceTitle "CBM 134 Extra"]
[Source "ChessBase"]
[SourceDate "2010.03.03"]
[SourceVersion "1"]
[SourceVersionDate "2010.03.03"]
[SourceQuality "1"]

1. d4 c5 2. d5 e5 3. e4 d6 4. Nc3 Be7 5. Nf3 Bg4 6. h3 Bxf3 7. Qxf3 Bg5 8. Bb5+ Kf8 9. Bxg5 Qxg5 10. h4 Qe7 11. a4 h5 12. Qh3 g6 13. Ra3 Kg7 14. Nd1 Nf6 15. f3 Na6 16. Bxa6 bxa6 17. Ne3 Rab8 18. Qg3 Kh7 19. Nc4 Rb4 20. b3 Rxc4 21. bxc4 Rb8 22. 0-0 Rb4 23. c3 Rb2 24. Qg5 Kg7 25. Qc1 Qb7 26. a5 Ng8 27. Ra1 Nh6 28. Rb1 Rxb1 29. Qxb1 Qc7 30. Qa2 f5 31. Qa4 Nf7 32. exf5 gxf5 33. Qc6 Qxa5 34. Qd7 Qxc3 35. Qxf5 Qd4+ 36. Rf2 Qxc4 37. Qxh5 Qxd5 38. Qg4+ Kf6 39. h5 Qd1+ 40. Kh2 Qd4 41. Qxd4 exd4 42. Kg1 Kg5 43. g4 Kf4 44. Rh2 Ke3 45. Kf1 d3 46. Ke1 c4 47. f4 c3 48. Kd1 a5 49. h6 a4 50. h7 a3 51. Ra2 c2+ 52. Kc1 Ke2 53. Rxc2+ dxc2 54. Kxc2 d5 55. g5 d4 56. g6 d3+ 57. Kc3 a2 58. Kb2 d2 59. h8Q Nxh8 60. g7 a1Q+ 61. Kxa1 d1Q+ 62. Kb2 Qd4+ 0-1

[Event "Hastings Masters op 85th"]
[Site "Hastings"]
[Date "2009.12.31"]
[Round "4"]
[White "Martinsen, Stig K"]
[Black "Kirk, Jason"]
[Result "0-1"]
[WhiteElo "2240"]
[BlackElo "1994"]
[PlyCount "76"]
[EventDate "2009.12.28"]
[EventType "swiss"]
[EventRounds "9"]
[EventCountry "ENG"]
[SourceTitle "CBM 134 Extra"]
[Source "ChessBase"]
[SourceDate "2010.03.03"]
[SourceVersion "1"]
[SourceVersionDate "2010.03.03"]
[SourceQuality "1"]

1. d4 Nf6 2. c4 e6 3. Nc3 d5 4. cxd5 exd5 5. Bg5 Be7 6. e3 0-0 7. Qc2 Re8 8. Bd3 h6 9. Bh4 c6 10. Nge2 Nbd7 11. f3 Nf8 12. 0-0 Ne6 13. Bf2 Bd6 14. Kh1 Qc7 15. Bg1 c5 16. Nb5 Qe7 17. Nxd6 Qxd6 18. Qc3 cxd4 19. Nxd4 Bd7 20. Nf5 Qf8 21. Nxh6+ gxh6 22. Qxf6 Ng5 23. Rac1 Re6 24. Qd4 Bc6 25. Bf5 Re7 26. Bf2 Rae8 27. Rc3 f6 28. Bg3 Rg7 29. Qh4 Qe7 30. Qd4 a6 31. Bh4 Qe5 32. Qd3 Bb5 33. f4 Bxd3 34. fxe5 Bxf1 35. exf6 Rf7 36. Bxg5 hxg5 37. Bg6 Bc4 38. b3 Rxf6 0-1

[Event "Creon op 14th"]
[Site "Creon"]
[Date "2009.08.02"]
[Round "9"]
[White "Bancel, Gerard"]
[Black "Kirk, Jason"]
[Result "1-0"]
[WhiteElo "2134"]
[BlackElo "1988"]
[PlyCount "49"]
[EventDate "2009.07.27"]
[EventType "swiss"]
[EventRounds "9"]
[EventCountry "FRA"]
[SourceTitle "CBM 131 Extra"]
[Source "ChessBase"]
[SourceDate "2009.09.03"]
[SourceVersion "2"]
[SourceVersionDate "2009.09.16"]
[SourceQuality "1"]

1. g3 e5 2. c4 d6 3. Bg2 Nc6 4. Nc3 Nf6 5. d3 Be7 6. Rb1 0-0 7. b4 Nd4 8. e3 Ne6 9. Nge2 Ne8 10. 0-0 Ng5 11. f4 exf4 12. exf4 Nh3+ 13. Kh1 Nf6 14. f5 Bxf5 15. Rxf5 g6 16. Rxf6 Bxf6 17. Bxh3 c6 18. Ne4 Bg7 19. Bg5 f6 20. Bf4 f5 21. Nxd6 g5 22. c5 gxf4 23. Nxf4 Qd7 24. Qh5 Be5 25. Bxf5 1-0

[Event "Creon op 14th"]
[Site "Creon"]
[Date "2009.08.01"]
[Round "8"]
[White "Kirk, Jason"]
[Black "Jolly, Jean Francois"]
[Result "0-1"]
[WhiteElo "1988"]
[BlackElo "2366"]
[PlyCount "58"]
[EventDate "2009.07.27"]
[EventType "swiss"]
[EventRounds "9"]
[EventCountry "FRA"]
[SourceTitle "CBM 131 Extra"]
[Source "ChessBase"]
[SourceDate "2009.09.03"]
[SourceVersion "2"]
[SourceVersionDate "2009.09.16"]
[SourceQuality "1"]

1. d4 Nf6 2. Nf3 e6 3. g3 d5 4. Bg2 Be7 5. 0-0 0-0 6. c4 dxc4 7. Nc3 a6 8. Ne5 Ra7 9. a4 b6 10. Nxc4 Bb7 11. e4 Bb4 12. Na2 Be7 13. Nc3 Nbd7 14. f4 Qa8 15. Re1 Bb4 16. Qe2 c5 17. dxc5 Nxc5 18. Nd6 Nb3 19. Nxb7 Nxa1 20. e5 Nd5 21. Nxd5 exd5 22. Bd2 Bxd2 23. Qxd2 Qxb7 24. Bxd5 Qe7 25. e6 fxe6 26. Bxe6+ Kh8 27. Re5 Qd8 28. Qc1 Rc7 29. Qxa1 Qd2 0-1

[Event "Creon op 14th"]
[Site "Creon"]
[Date "2009.07.28"]
[Round "2"]
[White "Kirk, Jason"]
[Black "Maes, Wim"]
[Result "0-1"]
[WhiteElo "1988"]
[BlackElo "2304"]
[PlyCount "108"]
[EventDate "2009.07.27"]
[EventType "swiss"]
[EventRounds "9"]
[EventCountry "FRA"]
[SourceTitle "CBM 131 Extra"]
[Source "ChessBase"]
[SourceDate "2009.09.03"]
[SourceVersion "2"]
[SourceVersionDate "2009.09.16"]
[SourceQuality "1"]

1. d4 Nf6 2. c4 g6 3. Nc3 Bg7 4. e4 d6 5. f3 0-0 6. Be3 Nc6 7. Nge2 a6 8. Qd2 Rb8 9. Rc1 Bd7 10. Bh6 e5 11. Bg5 Re8 12. d5 Na5 13. Nd1 b6 14. h4 Qe7 15. Nf2 Rec8 16. h5 c5 17. g3 Nb7 18. Bh3 Bxh3 19. Rxh3 Qd7 20. Bxf6 Bxf6 21. Ng4 Bg7 22. Kf2 f6 23. hxg6 hxg6 24. Rch1 Nd8 25. Rh7 Nf7 26. R7h4 b5 27. Nc3 bxc4 28. Rh7 Qe7 29. f4 Rb7 30. Nh6+ Nxh6 31. R1xh6 Bxh6 32. Rxe7 Rxe7 33. Qe2 Rb8 34. f5 Bc1 35. Nd1 gxf5 36. exf5 Rg7 37. Qxc4 Bxb2 38. Qxa6 Bd4+ 39. Kf3 Rd8 40. a4 Rg5 41. Qb6 e4+ 42. Ke2 Rd7 43. Qb8+ Kf7 44. a5 Rxg3 45. a6 Ra3 46. a7 Raxa7 47. Qh8 Ra2+ 48. Ke1 e3 49. Qh7+ Ke8 50. Qg8+ Ke7 51. Qe6+ Kd8 52. Nxe3 Bxe3 53. Qxf6+ Kc7 54. Qf8 Rh7 0-1

[Event "Creon op 14th"]
[Site "Creon"]
[Date "2009.07.27"]
[Round "1"]
[White "Percheron, Andre"]
[Black "Kirk, Jason"]
[Result "0-1"]
[WhiteElo "1772"]
[BlackElo "1988"]
[PlyCount "54"]
[EventDate "2009.07.27"]
[EventType "swiss"]
[EventRounds "9"]
[EventCountry "FRA"]
[SourceTitle "CBM 131 Extra"]
[Source "ChessBase"]
[SourceDate "2009.09.03"]
[SourceVersion "2"]
[SourceVersionDate "2009.09.16"]
[SourceQuality "1"]

1. e4 c5 2. Nc3 Nc6 3. f4 e6 4. Bc4 a6 5. d3 b5 6. Bb3 Bb7 7. Nf3 d6 8. 0-0 Qd7 9. f5 Nd4 10. fxe6 Nxe6 11. Bxe6 fxe6 12. Ng5 Nf6 13. Rxf6 gxf6 14. Qh5+ Ke7 15. Qf7+ Kd8 16. Qxf6+ Kc7 17. Qxh8 h6 18. Nf3 Bg7 19. Ne5 Bxe5 20. Qxh6 Rh8 21. Qg5 Bxh2+ 22. Kf1 Qf7+ 23. Ke1 Rg8 24. Qe3 Rxg2 25. Ne2 e5 26. Bd2 Qh5 27. b4 Bf4 0-1

[Event "FRA-ch op-A"]
[Site "Pau"]
[Date "2008.08.16"]
[Round "5"]
[White "Achereiner, Guillaume"]
[Black "Kirk, Jason"]
[Result "1-0"]
[WhiteElo "2025"]
[BlackElo "1979"]
[PlyCount "79"]
[EventDate "2008.08.11"]
[EventType "swiss"]
[EventRounds "9"]
[EventCountry "FRA"]
[SourceTitle "CBM 126 Extra"]
[Source "ChessBase"]
[SourceDate "2008.11.05"]
[SourceVersion "1"]
[SourceVersionDate "2008.11.05"]
[SourceQuality "1"]

1. d4 Nf6 2. c4 g6 3. Nc3 Bg7 4. e4 d6 5. Nf3 0-0 6. Be2 e5 7. 0-0 Nc6 8. d5 Ne7 9. b4 Nd7 10. c5 dxc5 11. bxc5 Nxc5 12. Ba3 b6 13. Bxc5 bxc5 14. Rb1 a6 15. Na4 Qd6 16. Qc2 Bh6 17. Qxc5 f5 18. Qxd6 cxd6 19. exf5 Nxf5 20. Nc3 Ra7 21. Rb6 Rc7 22. Ne4 Rc2 23. Bxa6 Rxa2 24. Bxc8 Rxc8 25. Rfb1 Rac2 26. g4 Nd4 27. Nxd4 exd4 28. g5 Bg7 29. Nxd6 Rc1+ 30. Rxc1 Rxc1+ 31. Kg2 d3 32. Rb8+ Bf8 33. Ne4 Re1 34. Kf3 Kf7 35. Rb7+ Ke8 36. d6 Kd8 37. Nc5 Ke8 38. Rb8+ Kf7 39. d7 d2 40. Rxf8+ 1-0

[Event "Ouest Toulousain op-A 3rd"]
[Site "Tournefeuille"]
[Date "2008.02.29"]
[Round "7"]
[White "Bollengier, Andreea"]
[Black "Kirk, Jason"]
[Result "1-0"]
[WhiteElo "2223"]
[BlackElo "1971"]
[PlyCount "35"]
[EventDate "2008.02.25"]
[EventType "swiss"]
[EventRounds "9"]
[EventCountry "FRA"]
[SourceTitle "CBM 123 Extra"]
[Source "ChessBase"]
[SourceDate "2008.05.06"]
[SourceVersion "1"]
[SourceVersionDate "2008.05.06"]
[SourceQuality "1"]

1. e4 c5 2. Nf3 d6 3. d4 cxd4 4. Qxd4 Bd7 5. c4 Nc6 6. Qd2 Nf6 7. Nc3 g6 8. b3 Bg7 9. Bb2 0-0 10. Bd3 Qa5 11. 0-0 Qh5 12. Nd5 Bg4 13. Nxf6+ Bxf6 14. Bxf6 Bxf3 15. gxf3 Qxf3 16. Bh4 Ne5 17. Be2 Qxe4 18. f4 1-0

[Event "Nantes op 7th"]
[Site "Nantes"]
[Date "2008.??.??"]
[Round "6"]
[White "Kirk, Jason"]
[Black "Peric, Slavisa"]
[Result "0-1"]
[WhiteElo "1985"]
[BlackElo "2237"]
[PlyCount "54"]
[EventDate "2008.12.26"]
[EventType "swiss"]
[EventRounds "9"]
[EventCountry "FRA"]
[SourceTitle "CBM 128 Extra"]
[Source "ChessBase"]
[SourceDate "2009.03.05"]
[SourceVersion "2"]
[SourceVersionDate "2009.03.25"]
[SourceQuality "1"]

1. d4 d5 2. Nf3 Nf6 3. c4 c6 4. cxd5 cxd5 5. Nc3 Nc6 6. g3 e6 7. Bg2 Be7 8. 0-0 0-0 9. Bf4 a6 10. Rc1 Bd7 11. Qd3 Rc8 12. Rfd1 b5 13. a3 b4 14. axb4 Nxb4 15. Qb1 Qb6 16. Ne5 Bb5 17. Bf1 h6 18. h4 Bd6 19. Nxb5 axb5 20. Nd3 Nxd3 21. Qxd3 Bxf4 22. gxf4 b4 23. Ra1 Ne4 24. Ra6 Qc7 25. f3 Ng3 26. f5 Nxf5 27. e4 Qg3+ 0-1

[Event "Avoine op 22nd"]
[Site "Avoine"]
[Date "2007.07.27"]
[Round "7"]
[White "Valette, Christian"]
[Black "Kirk, Jason"]
[Result "0-1"]
[WhiteElo "2102"]
[BlackElo "1879"]
[PlyCount "102"]
[EventDate "2007.07.21"]
[EventType "swiss"]
[EventRounds "9"]
[EventCountry "FRA"]
[SourceTitle "EXT 2010"]
[Source "ChessBase"]
[SourceDate "2010.11.25"]
[SourceVersion "1"]
[SourceVersionDate "2010.11.25"]
[SourceQuality "1"]

1. d4 d5 2. Nf3 Nf6 3. c4 c6 4. Nc3 e6 5. cxd5 exd5 6. Bg5 h6 7. Bh4 Be7 8. Qc2 0-0 9. e3 Re8 10. Bd3 Nbd7 11. h3 Ne4 12. Bxe7 Qxe7 13. Bxe4 dxe4 14. Nd2 f5 15. g4 Nf6 16. gxf5 Bxf5 17. 0-0-0 Nd5 18. Nxd5 cxd5 19. Qb3 Qd7 20. Nb1 Rac8+ 21. Nc3 Re6 22. Kb1 Rc4 23. Qb5 Qxb5 24. Nxb5 Rb6 25. Na3 Rc3 26. Nc2 a5 27. Ne1 Kf7 28. Ng2 g5 29. Rd2 Rc8 30. h4 Rbc6 31. hxg5 hxg5 32. a3 Bg4 33. Rg1 Bh3 34. b3 Kf6 35. Kb2 b5 36. Ne1 Rc3 37. Rc2 Rxc2+ 38. Nxc2 Kg6 39. Ne1 Rf8 40. Nd3 exd3 41. f4 g4 42. Kc3 Rc8+ 43. Kxd3 Kf5 44. Rh1 b4 45. axb4 axb4 46. Ra1 Rc3+ 47. Ke2 Ke4 48. Ra8 Rxe3+ 49. Kd2 Kxd4 50. f5 g3 51. f6 Rf3 0-1

[Event "Avoine op 22nd"]
[Site "Avoine"]
[Date "2007.07.25"]
[Round "5"]
[White "Sanglan, Philippe"]
[Black "Kirk, Jason"]
[Result "0-1"]
[WhiteElo "2077"]
[BlackElo "1879"]
[PlyCount "78"]
[EventDate "2007.07.21"]
[EventType "swiss"]
[EventRounds "9"]
[EventCountry "FRA"]
[SourceTitle "EXT 2010"]
[Source "ChessBase"]
[SourceDate "2010.11.25"]
[SourceVersion "1"]
[SourceVersionDate "2010.11.25"]
[SourceQuality "1"]

1. Nf3 c5 2. b3 d5 3. Bb2 Nf6 4. e3 g6 5. c4 Bg7 6. cxd5 0-0 7. Be2 Nxd5 8. Bxg7 Kxg7 9. Qc1 b6 10. 0-0 Bb7 11. Rd1 Nd7 12. Nc3 N7f6 13. d4 Nxc3 14. Qxc3 Rc8 15. Qb2 Qc7 16. Rac1 Kg8 17. dxc5 bxc5 18. Ne5 Qb6 19. Ng4 Nxg4 20. Bxg4 Rcd8 21. Qc3 h5 22. Be2 Rxd1+ 23. Rxd1 Rd8 24. Rxd8+ Qxd8 25. f3 Qd6 26. h3 h4 27. Qd3 Qe5 28. Kf2 Qg3+ 29. Kf1 Qd6 30. Qb5 Bc6 31. Qa6 Qc7 32. Qc4 Qe5 33. b4 Qxe3 34. Qxc5 Qxc5 35. bxc5 e5 36. Bc4 Kf8 37. Ke2 f5 38. Ke3 Ke7 39. a3 g5 0-1

[Event "FRA-chT2A 0506"]
[Site "France"]
[Date "2006.02.05"]
[Round "7.5"]
[White "Bancel, Gerard"]
[Black "Kirk, Jason"]
[Result "1/2-1/2"]
[WhiteElo "2133"]
[BlackElo "2000"]
[PlyCount "107"]
[EventDate "2005.10.27"]
[EventType "team-tourn"]
[EventRounds "11"]
[EventCountry "FRA"]
[SourceTitle "EXT 2006"]
[Source "ChessBase"]
[SourceDate "2005.11.24"]
[SourceVersion "1"]
[SourceVersionDate "2005.11.24"]
[SourceQuality "1"]
[WhiteTeam "Bordeaux ASPOM"]
[BlackTeam "Bordeaux Echecs"]
[WhiteTeamCountry "FRA"]
[BlackTeamCountry "FRA"]

1. g3 e5 2. c4 Nf6 3. Nc3 Bc5 4. Nf3 e4 5. Ng5 Bxf2+ 6. Kxf2 Ng4+ 7. Kg1 Qxg5 8. Nxe4 Qe7 9. Nf2 Nxf2 10. Kxf2 Qf6+ 11. Kg1 h5 12. e3 d6 13. Bg2 Bg4 14. Qf1 Qxf1+ 15. Kxf1 c6 16. b3 h4 17. h3 Be6 18. g4 Na6 19. Ke2 Rd8 20. Bb2 Kf8 21. Bd4 d5 22. cxd5 Bxd5 23. Bxd5 Rxd5 24. Bxa7 Rh6 25. Bd4 Re6 26. Bc3 Nc5 27. Bb4 Ke8 28. Bxc5 Rxc5 29. Rhc1 Rd5 30. Rc4 g5 31. Rac1 Red6 32. R1c2 f5 33. gxf5 Rxf5 34. Rc5 Rdf6 35. Rxf5 Rxf5 36. Rc4 Kd7 37. b4 Kd6 38. Rc5 Rxc5 39. bxc5+ Kxc5 40. Kf3 Kc4 41. Kg4 Kd3 42. Kxg5 c5 43. Kf5 Kxd2 44. e4 c4 45. e5 c3 46. e6 c2 47. e7 c1Q 48. e8Q Qc5+ 49. Kg4 Qc4+ 50. Kg5 b5 51. Qa8 b4 52. Qa4 Kc3 53. Kh5 Kb2 54. Kg5 1/2-1/2

[Event "Bordeaux op"]
[Site "Bordeaux"]
[Date "2006.??.??"]
[Round "2"]
[White "Ternault, Mathieu"]
[Black "Kirk, Jason"]
[Result "0-1"]
[WhiteElo "1750"]
[BlackElo "2000"]
[PlyCount "110"]
[EventDate "2005.??.??"]
[EventType "swiss"]
[EventRounds "7"]
[EventCountry "FRA"]
[SourceTitle "EXT 2007"]
[Source "ChessBase"]
[SourceDate "2006.11.23"]
[SourceVersion "1"]
[SourceVersionDate "2006.11.23"]
[SourceQuality "1"]

1. d4 d5 2. Nf3 Bf5 3. c4 Nf6 4. e3 e6 5. Qb3 Qc8 6. Ne5 c6 7. Nd2 Nbd7 8. f4 Be7 9. Be2 Nxe5 10. fxe5 Ne4 11. 0-0 a5 12. Nxe4 Bxe4 13. c5 0-0 14. Bd3 a4 15. Qd1 f5 16. exf6 Bxd3 17. f7+ Rxf7 18. Rxf7 Kxf7 19. Qxd3 Kg8 20. Bd2 Qc7 21. Be1 Bf6 22. Bg3 Qf7 23. Rf1 Qh5 24. Qd1 Qxd1 25. Rxd1 Ra5 26. Be1 Rb5 27. Bc3 b6 28. cxb6 Rxb6 29. a3 Be7 30. e4 Bd6 31. exd5 exd5 32. Re1 Kf7 33. Rf1+ Kg6 34. Re1 Kf7 35. Rf1+ Ke6 36. Re1+ Kd7 37. Rf1 Ke8 38. Re1+ Kd7 39. Rf1 Kc8 40. Re1 Kd7 41. Rf1 Rb7 42. Rf7+ Kc8 43. Rxb7 Kxb7 44. h3 Kb6 45. Kf2 Kb5 46. Ke3 Kc4 47. Kd2 Bh2 48. Ba5 Bg1 49. g4 Bxd4 50. Kc2 Bf6 51. Bd2 d4 52. g5 Be5 53. h4 d3+ 54. Kb1 Kb3 55. h5 g6 0-1